Countries Containing F - Statistics

General Stats
  • This quiz has been taken 923 times
    849 since last reset
  • The average score is 8 of 11
Answer Stats
Country % Correct
Finland
96%
France
94%
Fiji
92%
Afghanistan
91%
Federated States of Micronesia
74%
South Africa
74%
Central African Republic
71%
Burkina Faso
68%
Democratic Republic of the Congo
63%
Republic of the Congo
61%
United States of America
48%
No matching quizzes found
Score Distribution
Percent of People with Each Score
Percentile by Number Answered
Your Score History
You have not taken this quiz since the last reset